OECD Good Practices for Performance Budgeting

Gespeichert in:
Bibliographische Detailangaben
Format: Buch
Sprache:Englisch
Veröffentlicht: Paris OECD 2019
Schlagworte:
Tags: Tag hinzufügen
Keine Tags, Fügen Sie das erste Tag hinzu!

MARC

LEADER 00000nam a2200000 4500
001 0262537
005 20221220064947.6
020 |a 978-92-64-11199-8 
041 0 |a eng 
044 |a FR 
245 1 0 |a OECD Good Practices for Performance Budgeting 
264 1 |a Paris  |b OECD  |c 2019 
300 |a 59 s. 
610 2 0 |a rozpočet štátny 
610 2 0 |a ciele finančné 
610 2 0 |a vláda 
610 2 0 |a flexibilita 
610 2 0 |a výmena informácií 
610 2 0 |a zdroje ľudské 
610 2 0 |a infraštruktúra 
610 2 0 |a údaje štatistické